000 00435nam a22001817a 4500
003 MPLRDC
005 20220104113624.0
008 210129b ||||| |||| 00| 0 eng d
082 _a857.621 NK v.11 c.4
100 _a倪匡
245 _a真空密室之谜
_c
250 _a再版
260 _a
_b明窗出版社
_c1988
300 _b
490 _a科幻系列. 11
650 _a科幻小说
942 _cBK
_o857.621 NK v.11 c.4
999 _c1057
_d1047